Čistá finančná pozícia členských krajín EÚ, eurozóny a Slovenska k spoločnému rozpočtu EÚ
Otázka vzťahu členských krajín EÚ k spoločnému rozpočtu tohto integračného zoskupenia. Problém pozície čistých prispievateľov do rozpočtu EÚ a kompenzácie nadmerného príspevku do spoločného rozpočtu niektorých členských krajín. Čistá finančná pozícia Slovenska v rokoch 2009, 2010 a 2011. Hlavné meto...
Salvato in:
| Autore principale: | |
|---|---|
| Altri autori: | |
| Natura: | Capitolo di libro |
| Lingua: | slovacco |
| Soggetti: | |
| Tags: |
Nessun Tag, puoi essere il primo ad aggiungerne!!
|
MARC
| LEADER | 00000nla a2200000 4500 | ||
|---|---|---|---|
| 001 | 0178395 | ||
| 005 | 20221020085305.5 | ||
| 041 | 0 | |a slo | |
| 044 | |a SK | ||
| 245 | 1 | 0 | |a Čistá finančná pozícia členských krajín EÚ, eurozóny a Slovenska k spoločnému rozpočtu EÚ |c Oľga Nosáľová, Lenka Križová |
| 520 | |a Otázka vzťahu členských krajín EÚ k spoločnému rozpočtu tohto integračného zoskupenia. Problém pozície čistých prispievateľov do rozpočtu EÚ a kompenzácie nadmerného príspevku do spoločného rozpočtu niektorých členských krajín. Čistá finančná pozícia Slovenska v rokoch 2009, 2010 a 2011. Hlavné metodiky výpočtu. | ||
| 610 | 2 | 0 | |a Európska únia |
| 610 | 2 | 0 | |a eurozóna |
| 610 | 2 | 0 | |a Slovensko |
| 610 | 2 | 0 | |a politika finančná |
| 610 | 2 | 0 | |a bilancia finančná |
| 610 | 2 | 0 | |a rozpočet spoločný |
| 610 | 2 | 0 | |a spolupráca medzinárodná |
| 100 | 1 | |a Nosáľová, Oľga | |
| 700 | 1 | |a Križová, Lenka | |